| 000 | 01478nam a2200337 c 4500 | ||
|---|---|---|---|
| 003 | BLK | ||
| 005 | 20240717124700.0 | ||
| 008 | 180408b bul|||||r ||||||| ||bul|| | ||
| 010 | _aKNG00060893000 | ||
| 040 | _aBLK | ||
| 041 |
_aBUL _cBUL |
||
| 080 |
_aБългарска литература _b821.163.2 _x(092) _z821.163.2(092) |
||
| 080 |
_aБългарски писател, журналист, мислител и революционер _b929 Каравелов, Любен Стойчев _x _z929 Каравелов, Любен Стойчев |
||
| 700 | 1 |
_aУнджиева, Цвета Иванова _d1930 - 2000 _9132910 |
|
| 700 | 1 |
_aЛеков, Дочо _eотг. ред. _9365488 |
|
| 139 |
_aЛюбен Каравелов _bК 29 Л |
||
| 245 | 1 | 0 |
_aЛюбен Каравелов _bСб. по случай 150 г. от рождението му _cотг. ред. Цвета Унджиева; отг. ред. Дочо Леков. |
| 257 | _aBGR | ||
| 260 |
_аСофия _bБАН _c1990 |
||
| 300 |
_a352 с. _c25 см |
||
| 380 | _a80 | ||
| 500 | _aИзд. на БАН. Инст. за лит. - 1 400 тир. - Библиогр. под линия. | ||
| 650 | 0 |
_aПисатели, български _9241944 |
|
| 653 | _aбългарски писатели | ||
| 852 | _aЦб 164658 | ||
| 856 | 4 |
_qpdf _u |
|
| 856 | 4 |
_qpdf _u |
|
| 942 |
_cKNG _n0 |
||
| 944 |
_aCR _c13.06.2004 _k30560 _lГеновева Генчева |
||
| 944 |
_aED _c20.08.2015 _k |
||
| 999 |
_c56906 _d56906 |
||